ბათუმის შოთა რუსთაველის სახელმწიფო უნივერსიტეტის ბიბლიოთეკა

ბულგარულ-ქართული და ქართულ-ბულგარული ლექსიკონი / (ბიბ.ჩანაწერი № 58175)

000 -ლიდერი
ფიქსირებული სიგრძის საკონტროლო ველი 01471nam a22002297a 4500
003 - საკონტროლო ნომრის იდენტიფიკატორი
საკონტროლო ველი Ge_BSU
005 - ბოლო ოპერაციის თარიღი და დრო
საკონტროლო ველი 20210723162442.0
008 - ფიქსირებული სიგრძის მონაცემთა ელემენტები - ზოგადი ინფორმაცია
ფიქსირებული სიგრძის საკონტროლო ველი 210723s2021 ge ||||| |||| 00| 0 geo d
020 ## - წიგნის საერთაშორისო სტანდარტული ნომერი
International Standard Book Number 9789941830426
041 ## - ენის კოდი
Language code of text/sound track or separate title geo
080 ## - უნივერსალური ათობითი კლასიფიკაციის ინდექსი
Universal Decimal Classification number 81'374.822=163.2=353.1 კ-67
245 ## - ცნობა სათაურის შესახებ
Title ბულგარულ-ქართული და ქართულ-ბულგარული ლექსიკონი /
Statement of responsibility, etc შემდგ. ივანა კოლევა, ვალენტინ მიტევი, სოფია გოდუაძე-მიტევა, ნანა ჩქარეული.
264 ## - წარმოების, გამოცემის, დისტრიბუციის და სხვა ცნობები
გამოცემის, წარმოების, დისტრიბუციის... ადგილი თბილისი :
გამოცემის, წარმოების, დისტრიბუციის... სახელწოდება Book Fabrika,
გამოცემის, წარმოების, დისტრიბუციის... თარიღი 2021.
300 ## - ფიზიკური აღწერა
Extent 208 გვ
Other physical details 14 სმ.
500 ## - ზოგადი შენიშვნა
General note გამოცემულია ბულგარეთის რესპუბლიკის საელჩოს ინიციატივით ხელშეწყობით
653 ## - INDEX TERM--UNCONTROLLED
Uncontrolled term ბულგარულ-ქართული და ქართულ-ბულგარული ლექსიკონი
700 ## - ADDED ENTRY--PERSONAL NAME
Personal name კოლევა, ივანა
Relator term შემდგენელი
9 (RLIN) 12324
700 ## - ADDED ENTRY--PERSONAL NAME
Personal name მიტევი, ვალენტინ
Relator term შემდგენელი
9 (RLIN) 12325
700 ## - ADDED ENTRY--PERSONAL NAME
Personal name გოდუაძე-მიტევა, სოფია
Relator term შემდგენელი
9 (RLIN) 12326
700 ## - ADDED ENTRY--PERSONAL NAME
Personal name ჩქარეული, ნანა
Relator term შემდგენელი
9 (RLIN) 12327
942 ## - ADDED ENTRY ELEMENTS (KOHA)
Source of classification or shelving scheme
Koha item type წიგნი
ეგზემპლარები
ჩამოწერის სტატუსი დაკარგული ეგზემპლარის სტატუსი კლასიფიკაციის წყარო ან თაროზე გაწყობის სქემა დაზიანების სტატუსი არ გაიცემა მუდმივი მდებარეობა (დაცვის ადგილი) ამჟამინდელი ადგილსამყოფელი თაროზე განთავსების ადგილი შეძენის თარიღი ღირებულება, შესყიდვის ნორმალური ფასი სრული შენახვის შიფრი შტრიხკოდი ბოლო ოპერაციის თარიღი ეგზემპლარის მიმდევრობითი ნომერი (კეტერი?) ფასის ძალაში შესვლის თარიღი ეგზემპლარის სახეობა საჯარო შენიშვნა
          ბათუმის შოთა რუსთაველის სახელმწიფო უნივერსიტეტის მთავარი ბიბლიოთეკა ბათუმის შოთა რუსთაველის სახელმწიფო უნივერსიტეტის მთავარი ბიბლიოთეკა წიგნსაცავი 2021-07-23 7.00 81'374.822=163.2=353.1 ბ-95 61523 2021-07-23 61523 2021-07-23 წიგნი 7 ლ.
          ბათუმის შოთა რუსთაველის სახელმწიფო უნივერსიტეტის მთავარი ბიბლიოთეკა ბათუმის შოთა რუსთაველის სახელმწიფო უნივერსიტეტის მთავარი ბიბლიოთეკა წიგნსაცავი 2021-07-23 7.00 81'374.822=163.2=353.1 ბ-95 61524 2021-07-23 61524 2021-07-23 წიგნი 7 ლ.
          ბათუმის შოთა რუსთაველის სახელმწიფო უნივერსიტეტის მთავარი ბიბლიოთეკა ბათუმის შოთა რუსთაველის სახელმწიფო უნივერსიტეტის მთავარი ბიბლიოთეკა წიგნსაცავი 2021-07-23 7.00 81'374.822=163.2=353.1 ბ-95 61525 2021-07-23 61525 2021-07-23 წიგნი 7 ლ.